000 00965nam a2200277Ia 4500
001 Para_2554
003 CHAP
008 220125s1991 xx 000 0 und d
010 _a201107
040 _cCHAP
090 _aPA TESIS 631
100 _aGómez Navedo, Adolfo Enrique
_949832
245 _aExperiencias preliminares en el control químico de Periplaneta americana (L.) /
_c por Adolfo Enrique Gómez Navedo
260 _aChapingo, Méx. :
_b El autor
300 _a50 h
502 _aTesis (Ing. Agr. Esp. en Parasitología Agrícola) -- UACh. Departamento de Parasitología Agrícola
650 _aCucarachas Control de plagas Plagas domésticas Periplaneta americana
_9165968
710 _aUACh. Departamento de Parasitología Agrícola
_9115877
901 _aPA TESIS 631
902 _aA
905 _a0000001991 CHA 0000000000 00
910 _a1991
942 _cPARA
942 _cPARA
_d1
999 _c201107
_d201107